[Event "DVM U12 2017"]
[Site "Magdeburg GER"]
[Date "2017.12.29"]
[Round "5"]
[White "von Krosigk, Florian"]
[Black "Kogan, Gabriel"]
[Result "1-0"]
[Termination "normal"]
[Board "1.2"]
[WhiteElo "1671"]
[BlackElo "1418"]
[WhiteClock "00:38:46"]
[BlackClock "00:20:51"]
[WhiteTeam "Hamburger SK"]
[BlackTeam "SG Porz"]
[PlyCount "109"]
[WhiteFideId "16227808"]
[BlackFideId "16238265"]
[EventCountry "GER"]
[EventRounds "7"]
[EventType "team-swiss"]
[EventDate "2017.12.26"]

1. e4 {[%clk 1:30:56]} e5 {[%clk 1:30:55]} 2. Nf3 {[%clk 1:31:20]} Nc6 {[%clk
1:31:20]} 3. Bc4 {[%clk 1:31:45]} Bc5 {[%clk 1:31:46]} 4. c3 {[%clk 1:32:03]}
Nf6 {[%clk 1:32:12]} 5. d3 {[%clk 1:32:26]} d6 {[%clk 1:32:29]} 6. Bb3 {[%clk
1:32:32]} O-O {[%clk 1:32:33]} 7. O-O {[%clk 1:32:13]} Bb6 {[%clk 1:31:42]} 8.
Nbd2 {[%clk 1:32:15]} Re8 {[%clk 1:31:25]} 9. Re1 {[%clk 1:32:16]} Be6 {[%clk
1:28:37]} 10. Bc2 {[%clk 1:32:27]} a6 {[%clk 1:25:43]} 11. Nf1 {[%clk 1:30:53]}
Ne7 {[%clk 1:25:08]} 12. Ng3 {[%clk 1:30:45]} Ng6 {[%clk 1:25:25]} 13. Be3
{[%clk 1:28:32]} Bxe3 {[%clk 1:24:17]} 14. fxe3 {[%clk 1:26:19]} c6 {[%clk
1:24:13]} 15. d4 {[%clk 1:25:11]} Qb6 {[%clk 1:23:11]} 16. b3 {[%clk 1:23:23]}
Rad8 {[%clk 1:22:58]} 17. Qd2 {[%clk 1:20:58]} Bc8 {[%clk 1:20:47]} 18. Rad1
{[%clk 1:19:58]} Qc7 {[%clk 1:18:33]} 19. Bb1 {[%clk 1:09:41]} d5 {[%clk
1:13:17]} 20. exd5 {[%clk 1:08:24]} cxd5 {[%clk 1:12:59]} 21. Bxg6 {[%clk
1:07:20]} hxg6 {[%clk 1:12:41]} 22. Nxe5 {[%clk 1:05:15]} Ne4 {[%clk 1:11:37]}
23. Nxe4 {[%clk 1:01:35]} dxe4 {[%clk 1:11:56]} 24. Qc2 {[%clk 1:00:53]} b5
{[%clk 1:10:33]} 25. c4 {[%clk 1:00:15]} Bb7 {[%clk 1:10:03]} 26. c5 {[%clk
0:59:23]} Bd5 {[%clk 1:09:48]} 27. Rc1 {[%clk 0:59:12]} Bc6 {[%clk 1:08:01]}
28. Rf1 {[%clk 0:58:26]} Re7 {[%clk 1:07:56]} 29. Qf2 {[%clk 0:57:44]} a5
{[%clk 1:05:28]} 30. Qh4 {[%clk 0:53:25]} Bd5 {[%clk 1:03:28]} 31. c6 {[%clk
0:50:58]} Rd6 {[%clk 1:02:31]} 32. Rc5 {[%clk 0:50:03]} Re8 {[%clk 1:00:33]}
33. Rfc1 {[%clk 0:47:40]} Rc8 {[%clk 0:57:43]} 34. Qf2 {[%clk 0:46:44]} Rf6
{[%clk 0:53:53]} 35. Qe2 {[%clk 0:45:17]} Rd6 {[%clk 0:39:00]} 36. Qxb5 {[%clk
0:43:45]} Be6 {[%clk 0:35:51]} 37. Qxa5 {[%clk 0:42:38]} Kh7 {[%clk 0:31:18]}
38. Qxc7 {[%clk 0:41:03]} Rxc7 {[%clk 0:31:38]} 39. h3 {[%clk 0:40:12]} f6
{[%clk 0:30:20]} 40. Ng4 {[%clk 0:40:38]} Bd5 {[%clk 0:30:33]} 41. b4 {[%clk
0:40:01]} Rdxc6 {[%clk 0:29:20]} 42. b5 {[%clk 0:40:01]} Rxc5 {[%clk 0:29:14]}
43. Rxc5 {[%clk 0:40:27]} Rd7 {[%clk 0:29:25]} 44. a4 {[%clk 0:39:11]} Be6
{[%clk 0:27:47]} 45. a5 {[%clk 0:39:03]} Rb7 {[%clk 0:27:35]} 46. b6 {[%clk
0:38:33]} Rb8 {[%clk 0:25:58]} 47. d5 {[%clk 0:37:34]} Bd7 {[%clk 0:25:06]} 48.
Rc7 {[%clk 0:37:43]} Bb5 {[%clk 0:25:16]} 49. d6 {[%clk 0:37:27]} Ba6 {[%clk
0:21:30]} 50. d7 {[%clk 0:37:47]} Kg8 {[%clk 0:20:30]} 51. b7 {[%clk 0:37:28]}
Bxb7 {[%clk 0:20:35]} 52. Rxb7 {[%clk 0:37:54]} Rd8 {[%clk 0:20:09]} 53. a6
{[%clk 0:38:05]} Kf7 {[%clk 0:20:25]} 54. a7 {[%clk 0:38:25]} Ke6 {[%clk
0:20:51]} 55. Rb8 {[%clk 0:38:46]} 1-0

[Event "DVM U12 2017"]
[Site "Magdeburg GER"]
[Date "2017.12.29"]
[Round "5"]
[White "Sabirov, Rafael"]
[Black "Huo, Da"]
[Result "0-1"]
[Termination "normal"]
[Board "1.3"]
[WhiteElo "1470"]
[BlackElo "1632"]
[WhiteClock "00:06:08"]
[BlackClock "00:05:59"]
[WhiteTeam "SG Porz"]
[BlackTeam "Hamburger SK"]
[PlyCount "90"]
[WhiteFideId "16241185"]
[BlackFideId "16221206"]
[EventCountry "GER"]
[EventRounds "7"]
[EventType "team-swiss"]
[EventDate "2017.12.26"]

1. e4 {[%clk 1:30:57]} c5 {[%clk 1:30:56]} 2. Nf3 {[%clk 1:31:17]} e6 {[%clk
1:31:20]} 3. d4 {[%clk 1:31:38]} cxd4 {[%clk 1:31:43]} 4. Nxd4 {[%clk 1:32:01]}
a6 {[%clk 1:31:59]} 5. c4 {[%clk 1:28:33]} Qc7 {[%clk 1:32:20]} 6. Nc3 {[%clk
1:27:27]} Nf6 {[%clk 1:32:28]} 7. Bg5 {[%clk 1:26:44]} Be7 {[%clk 1:22:28]} 8.
Nf3 d6 {[%clk 1:22:38]} 9. Bd3 {[%clk 1:11:00]} O-O {[%clk 1:21:41]} 10. O-O
{[%clk 1:11:21]} Nbd7 {[%clk 1:21:43]} 11. Qc2 {[%clk 1:04:31]} h6 {[%clk
1:18:01]} 12. Bh4 {[%clk 1:02:00]} Nc5 {[%clk 1:16:49]} 13. Rfe1 {[%clk
1:01:06]} Nxd3 {[%clk 1:13:33]} 14. Qxd3 {[%clk 1:01:18]} Rd8 {[%clk 1:10:40]}
15. Rad1 {[%clk 0:59:57]} b6 {[%clk 1:03:47]} 16. Bg3 {[%clk 0:52:42]} Nh5 17.
Bh4 {[%clk 0:46:21]} Bxh4 {[%clk 0:58:19]} 18. Nxh4 {[%clk 0:46:39]} Qe7 {[%clk
0:53:02]} 19. Nf3 {[%clk 0:45:02]} Bb7 {[%clk 0:48:11]} 20. Qd2 {[%clk
0:39:41]} Rac8 {[%clk 0:45:52]} 21. b3 {[%clk 0:39:48]} Bc6 {[%clk 0:41:35]}
22. Re3 {[%clk 0:36:53]} Nf6 {[%clk 0:36:25]} 23. Qe2 {[%clk 0:33:08]} Ng4
{[%clk 0:32:52]} 24. Red3 {[%clk 0:32:43]} Ne5 {[%clk 0:26:37]} 25. Rd4 {[%clk
0:29:58]} Nxf3+ {[%clk 0:23:26]} 26. Qxf3 {[%clk 0:29:10]} Rd7 {[%clk 0:22:18]}
27. Qd3 {[%clk 0:23:46]} Rcd8 {[%clk 0:22:03]} 28. Qd2 {[%clk 0:23:47]} Qf8
{[%clk 0:18:02]} 29. a4 {[%clk 0:17:00]} g5 {[%clk 0:15:20]} 30. b4 {[%clk
0:14:36]} d5 {[%clk 0:14:46]} 31. cxd5 {[%clk 0:10:57]} e5 {[%clk 0:09:56]} 32.
Rc4 {[%clk 0:10:53]} Bb7 {[%clk 0:10:13]} 33. Qe3 {[%clk 0:08:51]} Qd6 {[%clk
0:09:09]} 34. Rc1 {[%clk 0:07:51]} Kg7 {[%clk 0:08:40]} 35. Ne2 {[%clk
0:07:58]} Kg6 {[%clk 0:08:04]} 36. Ng3 {[%clk 0:08:01]} Qf6 {[%clk 0:05:46]}
37. Nf5 {[%clk 0:07:50]} Bxd5 {[%clk 0:06:00]} 38. exd5 {[%clk 0:07:37]} Qxf5
{[%clk 0:06:18]} 39. Qxb6+ {[%clk 0:07:47]} f6 {[%clk 0:06:16]} 40. Qxa6 {[%clk
0:06:49]} Rxd5 {[%clk 0:06:40]} 41. h3 {[%clk 0:05:28]} Rd1+ {[%clk 0:06:17]}
42. Rxd1 {[%clk 0:05:53]} Rxd1+ {[%clk 0:06:42]} 43. Kh2 {[%clk 0:06:08]} e4
{[%clk 0:05:59]} 44. Rc2 Qf4+ {[%clk 0:05:59]} 45. g3 Qf3 {[%clk 0:05:59]} 0-1

[Event "DVM U12 2017"]
[Site "Magdeburg GER"]
[Date "2017.12.29"]
[Round "5"]
[White "Garner, Isaac"]
[Black "Kazimov, Alis"]
[Result "1-0"]
[Termination "normal"]
[Board "1.4"]
[WhiteElo "1703"]
[BlackElo "1495"]
[WhiteClock "00:43:53"]
[BlackClock "00:03:33"]
[WhiteTeam "Hamburger SK"]
[BlackTeam "SG Porz"]
[PlyCount "48"]
[WhiteFideId "16239261"]
[BlackFideId "16255348"]
[EventCountry "GER"]
[EventRounds "7"]
[EventType "team-swiss"]
[EventDate "2017.12.26"]

1. e4 {[%clk 1:30:57]} e5 {[%clk 1:30:46]} 2. Nf3 {[%clk 1:31:21]} Nc6 {[%clk
1:30:49]} 3. Bc4 {[%clk 1:31:39]} Bc5 {[%clk 1:30:04]} 4. c3 {[%clk 1:32:02]}
Nf6 {[%clk 1:29:31]} 5. d3 {[%clk 1:32:24]} d5 {[%clk 1:25:21]} 6. exd5 {[%clk
1:32:42]} Nxd5 {[%clk 1:25:11]} 7. O-O {[%clk 1:33:03]} O-O {[%clk 1:25:16]} 8.
Re1 {[%clk 1:33:28]} Re8 {[%clk 1:18:38]} 9. b4 {[%clk 1:32:08]} Bb6 10. Qb3
{[%clk 1:26:16]} Be6 {[%clk 1:03:44]} 11. Ng5 {[%clk 1:13:59]} Qf6 {[%clk
0:57:19]} 12. Ne4 {[%clk 1:12:57]} Qd8 {[%clk 0:51:52]} 13. a4 {[%clk 1:11:57]}
a6 {[%clk 0:50:17]} 14. a5 {[%clk 1:11:07]} Ba7 {[%clk 0:50:36]} 15. b5 {[%clk
1:11:09]} axb5 {[%clk 0:43:45]} 16. Qxb5 {[%clk 1:11:21]} Qd7 {[%clk 0:31:37]}
17. Nbd2 {[%clk 1:02:51]} Nf4 {[%clk 0:25:38]} 18. Bxe6 {[%clk 0:56:25]} Rxe6
{[%clk 0:22:37]} 19. d4 {[%clk 0:46:41]} exd4 {[%clk 0:16:54]} 20. Nf3 {[%clk
0:45:01]} Rae8 {[%clk 0:11:37]} 21. Bxf4 {[%clk 0:43:40]} Rxe4 {[%clk 0:11:08]}
22. Rxe4 {[%clk 0:43:37]} Rxe4 {[%clk 0:11:17]} 23. Qxb7 {[%clk 0:43:53]} dxc3
{[%clk 0:03:33]} 24. Ne5 Kf8 1-0

[Event "DVM U12 2017"]
[Site "Magdeburg GER"]
[Date "2017.12.29"]
[Round "5"]
[White "Zeuner, Ole"]
[Black "Felten, Maximilian"]
[Result "1/2-1/2"]
[Termination "normal"]
[Board "2.1"]
[WhiteElo "1848"]
[BlackElo "1811"]
[WhiteClock "00:05:30"]
[BlackClock "00:53:33"]
[WhiteTeam "Schachzwerge Magdeburg"]
[BlackTeam "SG Trier"]
[PlyCount "77"]
[WhiteFideId "12943576"]
[BlackFideId "4004949"]
[EventCountry "GER"]
[EventRounds "7"]
[EventType "team-swiss"]
[EventDate "2017.12.26"]

1. e4 {[%clk 1:30:56]} e6 {[%clk 1:30:44]} 2. d4 {[%clk 1:31:09]} d5 {[%clk
1:30:47]} 3. Nd2 {[%clk 1:31:28]} Nf6 {[%clk 1:30:30]} 4. e5 {[%clk 1:31:49]}
Nfd7 {[%clk 1:30:38]} 5. Bd3 {[%clk 1:32:06]} c5 {[%clk 1:30:32]} 6. c3 {[%clk
1:32:19]} Nc6 {[%clk 1:30:17]} 7. Ne2 {[%clk 1:32:39]} Qb6 {[%clk 1:29:43]} 8.
Nf3 {[%clk 1:31:19]} cxd4 {[%clk 1:29:23]} 9. cxd4 {[%clk 1:31:25]} Be7 {[%clk
1:29:30]} 10. O-O {[%clk 1:25:55]} f6 {[%clk 1:28:53]} 11. exf6 {[%clk
1:19:43]} Nxf6 {[%clk 1:26:40]} 12. Nf4 {[%clk 1:17:54]} Bd6 {[%clk 1:18:11]}
13. b3 {[%clk 1:06:10]} Bd7 {[%clk 1:17:48]} 14. Re1 {[%clk 1:02:02]} Bxf4
{[%clk 1:17:29]} 15. Bxf4 {[%clk 1:02:17]} O-O {[%clk 1:14:39]} 16. Bg3 {[%clk
0:50:49]} Kh8 {[%clk 1:12:20]} 17. Bc2 {[%clk 0:44:11]} Nb4 {[%clk 1:11:08]}
18. Bb1 {[%clk 0:42:53]} Qc6 {[%clk 1:09:49]} 19. Qd2 {[%clk 0:41:55]} Na6
{[%clk 1:07:11]} 20. Ne5 {[%clk 0:40:00]} Qb6 {[%clk 1:05:20]} 21. Nxd7 {[%clk
0:36:50]} Nxd7 {[%clk 1:05:01]} 22. Qd3 {[%clk 0:36:00]} Nf6 {[%clk 1:03:31]}
23. Be5 {[%clk 0:35:50]} Nb4 {[%clk 1:03:24]} 24. Qh3 {[%clk 0:32:59]} Rf7
{[%clk 1:01:35]} 25. Bxf6 {[%clk 0:27:52]} gxf6 {[%clk 1:01:16]} 26. Qxe6
{[%clk 0:27:45]} Qxe6 {[%clk 1:01:19]} 27. Rxe6 {[%clk 0:28:04]} Nc6 {[%clk
1:00:33]} 28. Rd6 {[%clk 0:24:56]} Re8 {[%clk 0:58:28]} 29. Bd3 {[%clk
0:22:41]} Nxd4 {[%clk 0:58:13]} 30. Rxd5 {[%clk 0:22:04]} Ne2+ {[%clk 0:56:53]}
31. Kf1 {[%clk 0:20:08]} Nf4 {[%clk 0:55:48]} 32. Rd4 {[%clk 0:20:04]} Nxd3
{[%clk 0:55:45]} 33. Rxd3 {[%clk 0:20:26]} Rc7 {[%clk 0:55:47]} 34. Rd2 {[%clk
0:16:04]} Kg7 {[%clk 0:55:25]} 35. Rad1 {[%clk 0:15:45]} Ree7 {[%clk 0:55:34]}
36. f3 {[%clk 0:13:24]} Kg6 {[%clk 0:54:54]} 37. Kf2 {[%clk 0:12:27]} b6 {[%clk
0:54:15]} 38. Kg3 {[%clk 0:10:25]} Rc5 {[%clk 0:53:33]} 39. Rd7 {[%clk
0:05:30]} 1/2-1/2

[Event "DVM U12 2017"]
[Site "Magdeburg GER"]
[Date "2017.12.29"]
[Round "5"]
[White "Metzdorf, Matteo"]
[Black "Morgenstern, Tobias"]
[Result "1-0"]
[Termination "normal"]
[Board "2.2"]
[WhiteElo "1711"]
[BlackElo "1766"]
[WhiteClock "00:28:13"]
[BlackClock "00:14:50"]
[WhiteTeam "SG Trier"]
[BlackTeam "Schachzwerge Magdeburg"]
[PlyCount "61"]
[WhiteFideId "16209869"]
[BlackFideId "12974390"]
[EventCountry "GER"]
[EventRounds "7"]
[EventType "team-swiss"]
[EventDate "2017.12.26"]

1. e4 {[%clk 1:30:58]} e5 {[%clk 1:30:50]} 2. Nf3 {[%clk 1:31:18]} Nc6 {[%clk
1:31:16]} 3. Bb5 {[%clk 1:31:39]} a6 {[%clk 1:31:39]} 4. Ba4 {[%clk 1:31:59]}
Nf6 {[%clk 1:32:05]} 5. d3 {[%clk 1:32:22]} b5 {[%clk 1:32:02]} 6. Bb3 Bc5
{[%clk 1:31:37]} 7. O-O {[%clk 1:32:46]} d6 {[%clk 1:31:01]} 8. c3 {[%clk
1:32:21]} O-O {[%clk 1:31:05]} 9. h3 {[%clk 1:32:20]} Ba7 {[%clk 1:30:45]} 10.
Re1 {[%clk 1:29:26]} h6 {[%clk 1:29:47]} 11. Nbd2 {[%clk 1:28:15]} Na5 {[%clk
1:23:59]} 12. Bc2 {[%clk 1:27:35]} c5 {[%clk 1:23:42]} 13. Nf1 {[%clk 1:26:43]}
Nc6 {[%clk 1:20:23]} 14. Ng3 {[%clk 1:25:45]} Qc7 {[%clk 1:16:51]} 15. Nh4
{[%clk 1:22:07]} d5 {[%clk 1:13:58]} 16. Qf3 {[%clk 1:16:58]} dxe4 {[%clk
1:09:57]} 17. dxe4 {[%clk 1:15:25]} Nh7 {[%clk 1:04:19]} 18. Nhf5 {[%clk
1:11:35]} Ne7 {[%clk 1:00:58]} 19. Qg4 {[%clk 1:05:35]} Ng6 {[%clk 0:58:34]}
20. Nh5 {[%clk 1:00:37]} Nf6 {[%clk 0:43:24]} 21. Nxf6+ {[%clk 0:58:02]} gxf6
{[%clk 0:43:33]} 22. Bxh6 {[%clk 0:56:26]} Rd8 {[%clk 0:38:44]} 23. h4 {[%clk
0:52:57]} Kh7 {[%clk 0:31:51]} 24. Qh5 {[%clk 0:51:07]} Kg8 {[%clk 0:31:21]}
25. Be3 {[%clk 0:37:26]} c4 {[%clk 0:25:50]} 26. Qh6 {[%clk 0:32:50]} Bxf5
{[%clk 0:25:16]} 27. exf5 {[%clk 0:32:37]} Nf4 {[%clk 0:25:12]} 28. Qxf6 {[%clk
0:29:50]} Kh7 {[%clk 0:21:27]} 29. Bxf4 {[%clk 0:28:45]} exf4 {[%clk 0:20:01]}
30. Re7 {[%clk 0:28:13]} Bxf2+ {[%clk 0:14:50]} 31. Kf1 1-0

[Event "DVM U12 2017"]
[Site "Magdeburg GER"]
[Date "2017.12.29"]
[Round "5"]
[White "Joppich, Til"]
[Black "Marschall, Tillmann"]
[Result "1-0"]
[Termination "normal"]
[Board "2.3"]
[WhiteElo "1758"]
[BlackElo "1645"]
[WhiteClock "00:16:19"]
[BlackClock "00:11:47"]
[WhiteTeam "Schachzwerge Magdeburg"]
[BlackTeam "SG Trier"]
[PlyCount "105"]
[WhiteFideId "16232917"]
[BlackFideId "12973220"]
[EventCountry "GER"]
[EventRounds "7"]
[EventType "team-swiss"]
[EventDate "2017.12.26"]

1. e4 {[%clk 1:30:57]} c6 {[%clk 1:30:55]} 2. c4 {[%clk 1:31:18]} d5 {[%clk
1:31:03]} 3. cxd5 {[%clk 1:31:41]} cxd5 {[%clk 1:31:27]} 4. exd5 {[%clk
1:32:06]} Nf6 {[%clk 1:31:47]} 5. Qa4+ {[%clk 1:32:11]} Bd7 {[%clk 1:31:34]} 6.
Qb3 {[%clk 1:32:23]} Qc7 {[%clk 1:30:38]} 7. Nc3 {[%clk 1:32:41]} a6 {[%clk
1:29:47]} 8. a4 {[%clk 1:29:43]} g6 {[%clk 1:28:44]} 9. Bc4 {[%clk 1:22:22]}
Qc8 {[%clk 1:22:18]} 10. Nf3 {[%clk 1:22:11]} Bg7 {[%clk 1:22:21]} 11. O-O
{[%clk 1:22:33]} O-O {[%clk 1:22:33]} 12. Re1 {[%clk 1:22:12]} Re8 {[%clk
1:13:44]} 13. d4 {[%clk 1:19:35]} e6 {[%clk 1:03:09]} 14. Bf4 {[%clk 1:13:25]}
Nh5 {[%clk 0:59:17]} 15. Bd6 {[%clk 1:12:34]} Bf8 {[%clk 0:59:17]} 16. Bxf8
{[%clk 1:12:34]} Kxf8 {[%clk 0:59:17]} 17. Ng5 {[%clk 1:09:32]} h6 {[%clk
0:50:47]} 18. Nxe6+ {[%clk 1:03:06]} fxe6 {[%clk 0:49:08]} 19. dxe6 {[%clk
1:03:31]} Nc6 {[%clk 0:48:25]} 20. exd7 {[%clk 1:03:19]} Qxd7 {[%clk 0:48:40]}
21. d5 {[%clk 1:03:27]} Nd4 {[%clk 0:46:27]} 22. Qb4+ {[%clk 1:00:40]} Kg7
{[%clk 0:46:44]} 23. Bd3 {[%clk 1:00:32]} Nf5 {[%clk 0:36:00]} 24. Bxf5 {[%clk
0:59:26]} gxf5 {[%clk 0:35:25]} 25. d6 {[%clk 0:59:28]} Nf6 {[%clk 0:35:15]}
26. Rad1 {[%clk 0:51:47]} Rad8 {[%clk 0:33:56]} 27. h3 {[%clk 0:51:55]} Rxe1+
{[%clk 0:26:40]} 28. Rxe1 {[%clk 0:50:43]} Re8 {[%clk 0:26:44]} 29. Rxe8 {[%clk
0:49:34]} Nxe8 {[%clk 0:26:48]} 30. Qd4+ {[%clk 0:48:17]} Kh7 {[%clk 0:26:32]}
31. Qe5 {[%clk 0:43:26]} Nxd6 {[%clk 0:25:10]} 32. Nd5 {[%clk 0:43:04]} Ne8
{[%clk 0:23:06]} 33. Nb6 {[%clk 0:32:54]} Qf7 {[%clk 0:22:13]} 34. Nc8 {[%clk
0:30:05]} Ng7 {[%clk 0:19:56]} 35. Ne7 {[%clk 0:28:47]} Qh5 {[%clk 0:18:12]}
36. Qd5 {[%clk 0:27:10]} Qe8 {[%clk 0:12:37]} 37. Qxb7 {[%clk 0:25:43]} Qxa4
{[%clk 0:11:45]} 38. Nxf5 {[%clk 0:24:19]} Kg6 {[%clk 0:08:53]} 39. Qc6+ {[%clk
0:20:50]} Qxc6 {[%clk 0:09:14]} 40. Ne7+ {[%clk 0:21:15]} Kf6 {[%clk 0:09:21]}
41. Nxc6 {[%clk 0:21:38]} Ne6 {[%clk 0:09:38]} 42. f3 {[%clk 0:21:33]} Nc5
{[%clk 0:09:58]} 43. Kf1 {[%clk 0:20:33]} Ke6 {[%clk 0:10:12]} 44. Ke2 {[%clk
0:19:24]} Kd6 {[%clk 0:10:34]} 45. Nd4 {[%clk 0:18:49]} Kd5 {[%clk 0:10:35]}
46. Nf5 {[%clk 0:18:18]} Na4 {[%clk 0:10:34]} 47. Nxh6 {[%clk 0:17:13]} Nxb2
{[%clk 0:10:54]} 48. Nf5 {[%clk 0:17:24]} a5 {[%clk 0:11:04]} 49. Kd2 {[%clk
0:17:32]} Kc4 {[%clk 0:11:03]} 50. Kc2 {[%clk 0:17:36]} Nd3 {[%clk 0:11:13]}
51. Nd6+ {[%clk 0:17:12]} Kd4 {[%clk 0:11:35]} 52. Kd2 {[%clk 0:15:58]} a4
{[%clk 0:11:47]} 53. h4 {[%clk 0:16:19]} 1-0

[Event "DVM U12 2017"]
[Site "Magdeburg GER"]
[Date "2017.12.29"]
[Round "5"]
[White "La, Nhat Hao"]
[Black "Khanbekyan, Areg"]
[Result "0-1"]
[Termination "normal"]
[Board "2.4"]
[WhiteElo "1209"]
[BlackElo "1597"]
[WhiteClock "00:43:08"]
[BlackClock "00:34:49"]
[WhiteTeam "SG Trier"]
[BlackTeam "Schachzwerge Magdeburg"]
[PlyCount "78"]
[WhiteFideId "16255313"]
[BlackFideId "12993727"]
[EventCountry "GER"]
[EventRounds "7"]
[EventType "team-swiss"]
[EventDate "2017.12.26"]

1. e4 {[%clk 1:30:58]} c5 {[%clk 1:30:37]} 2. Nc3 {[%clk 1:31:22]} d6 {[%clk
1:29:27]} 3. g3 {[%clk 1:31:33]} Nf6 {[%clk 1:29:35]} 4. Bg2 {[%clk 1:31:16]}
g6 {[%clk 1:29:10]} 5. d3 {[%clk 1:30:50]} Bg7 {[%clk 1:29:25]} 6. f4 {[%clk
1:29:54]} O-O {[%clk 1:26:52]} 7. Nf3 {[%clk 1:29:21]} Nc6 {[%clk 1:26:46]} 8.
O-O {[%clk 1:28:39]} Bd7 {[%clk 1:24:00]} 9. h3 {[%clk 1:27:00]} Rb8 {[%clk
1:09:48]} 10. Be3 {[%clk 1:24:13]} b5 {[%clk 1:09:39]} 11. Rb1 {[%clk 1:21:09]}
b4 {[%clk 1:08:45]} 12. Ne2 {[%clk 1:19:01]} Qa5 {[%clk 1:04:28]} 13. Ra1
{[%clk 1:15:14]} c4 {[%clk 0:58:42]} 14. Qd2 {[%clk 1:12:27]} Rfc8 {[%clk
0:51:11]} 15. a3 {[%clk 1:09:51]} cxd3 {[%clk 0:45:42]} 16. cxd3 {[%clk
1:07:06]} b3 {[%clk 0:40:57]} 17. Qxa5 {[%clk 1:06:09]} Nxa5 {[%clk 0:41:24]}
18. Rac1 {[%clk 1:00:11]} Rc2 {[%clk 0:37:45]} 19. Rxc2 {[%clk 0:58:25]} bxc2
{[%clk 0:38:08]} 20. Bd4 {[%clk 0:56:28]} Nb3 {[%clk 0:38:07]} 21. Bc3 {[%clk
0:56:27]} Bb5 {[%clk 0:37:44]} 22. Nc1 {[%clk 0:54:03]} Nxc1 {[%clk 0:37:33]}
23. Rxc1 {[%clk 0:54:21]} Bxd3 {[%clk 0:37:41]} 24. e5 {[%clk 0:52:29]} Ne4
{[%clk 0:35:03]} 25. Ne1 {[%clk 0:50:09]} Nxc3 {[%clk 0:35:22]} 26. bxc3 {[%clk
0:50:26]} Bf5 {[%clk 0:32:25]} 27. g4 {[%clk 0:50:24]} Rb1 {[%clk 0:32:14]} 28.
gxf5 {[%clk 0:42:56]} Rxc1 {[%clk 0:32:26]} 29. Kf2 {[%clk 0:42:28]} Rxe1
{[%clk 0:32:50]} 30. Kxe1 {[%clk 0:42:51]} c1=Q+ {[%clk 0:33:14]} 31. Ke2
{[%clk 0:42:26]} Qxf4 {[%clk 0:32:35]} 32. fxg6 {[%clk 0:40:50]} Qxe5+ {[%clk
0:32:51]} 33. Kf1 {[%clk 0:41:06]} hxg6 {[%clk 0:33:07]} 34. Kg1 {[%clk
0:41:31]} Qxc3 {[%clk 0:33:26]} 35. Kh2 {[%clk 0:41:56]} Be5+ {[%clk 0:33:47]}
36. Kg1 {[%clk 0:42:08]} Qe1+ {[%clk 0:34:10]} 37. Bf1 {[%clk 0:42:31]} Bd4+
{[%clk 0:34:25]} 38. Kg2 {[%clk 0:42:43]} Qf2+ {[%clk 0:34:49]} 39. Kh1 {[%clk
0:43:08]} Qf3+ 0-1

[Event "DVM U12 2017"]
[Site "Magdeburg GER"]
[Date "2017.12.29"]
[Round "5"]
[White "Lutz, Ruben"]
[Black "Duduka, Artem"]
[Result "1-0"]
[Termination "normal"]
[Board "3.1"]
[WhiteElo "1964"]
[BlackElo "1601"]
[WhiteClock "00:41:55"]
[BlackClock "00:58:44"]
[WhiteTeam "USV TU Dresden"]
[BlackTeam "SF Nordost Berlin"]
[PlyCount "64"]
[WhiteFideId "12975974"]
[BlackFideId "14194805"]
[EventCountry "GER"]
[EventRounds "7"]
[EventType "team-swiss"]
[EventDate "2017.12.26"]

1. d4 {[%clk 1:30:54]} Nf6 {[%clk 1:30:40]} 2. Nf3 {[%clk 1:31:17]} g6 {[%clk
1:30:27]} 3. Bg5 {[%clk 1:31:39]} d5 {[%clk 1:30:26]} 4. e3 {[%clk 1:31:56]}
Bg7 {[%clk 1:30:29]} 5. Nbd2 {[%clk 1:32:17]} Nc6 {[%clk 1:29:42]} 6. Be2
{[%clk 1:28:19]} O-O {[%clk 1:29:23]} 7. O-O {[%clk 1:28:11]} h6 {[%clk
1:29:27]} 8. Bh4 {[%clk 1:26:24]} Re8 {[%clk 1:28:03]} 9. Ne5 {[%clk 1:19:20]}
Nxe5 {[%clk 1:25:57]} 10. dxe5 {[%clk 1:19:42]} Nd7 {[%clk 1:25:55]} 11. f4
{[%clk 1:19:25]} Nc5 {[%clk 1:25:52]} 12. c3 {[%clk 1:16:25]} f6 {[%clk
1:23:44]} 13. b4 {[%clk 1:00:13]} Nd7 {[%clk 1:17:31]} 14. Nf3 {[%clk 0:57:55]}
c6 {[%clk 1:17:11]} 15. Qc2 {[%clk 0:55:16]} Qb6 {[%clk 1:09:31]} 16. Bf2
{[%clk 0:53:32]} fxe5 {[%clk 1:04:11]} 17. Qxg6 {[%clk 0:52:16]} c5 {[%clk
1:04:27]} 18. Qxe8+ {[%clk 0:52:38]} Kh7 {[%clk 1:04:49]} 19. fxe5 {[%clk
0:51:52]} c4 {[%clk 1:02:07]} 20. Qxe7 {[%clk 0:51:12]} Qg6 {[%clk 1:01:27]}
21. Rad1 {[%clk 0:48:35]} Nb6 {[%clk 1:01:23]} 22. Nh4 {[%clk 0:47:56]} Qc2
{[%clk 1:00:41]} 23. Bh5 {[%clk 0:47:22]} Bf5 {[%clk 1:00:55]} 24. Nxf5 {[%clk
0:45:00]} Qxf5 {[%clk 1:01:13]} 25. Bf3 {[%clk 0:45:07]} Rg8 {[%clk 0:59:40]}
26. Bxd5 {[%clk 0:44:48]} Nxd5 {[%clk 1:00:04]} 27. Rxd5 {[%clk 0:45:08]} Kh8
{[%clk 1:00:01]} 28. Rfd1 {[%clk 0:41:37]} Qg6 {[%clk 0:59:54]} 29. Rd8 {[%clk
0:41:27]} Bf8 {[%clk 1:00:09]} 30. Qf6+ {[%clk 0:41:39]} Kh7 {[%clk 0:59:25]}
31. R1d7+ {[%clk 0:41:32]} Rg7 {[%clk 0:58:44]} 32. Qxg6+ {[%clk 0:41:55]} Kxg6
1-0